000 00575nam a2200181Ia 4500
008 090124s9999 xx 000 0 und d
082 _b42898
100 _aदेशपांडे शैलजा
245 _a बंधन सुखाचे
250 _a1
260 _bउद्वेली प्रकाशन
_c2005
300 _a100
600 _aदेशपांडे शैलजा
630 _a बंधन सुखाचे
700 _aदेशपांडे शैलजा
730 _a बंधन सुखाचे
942 _cBOOK
999 _c109114
_d109114